[Event "53rd Rilton Cup 2025-26"]
[Site "Stockholm SWE"]
[Date "2026.01.02"]
[Round "6.3"]
[White "Meshkovs, Nikita"]
[Black "Bronstein, Or"]
[Result "1/2-1/2"]
[WhiteTitle "GM"]
[BlackTitle "IM"]
[WhiteElo "2561"]
[BlackElo "2470"]
[WhiteFideId "11602740"]
[BlackFideId "2815770"]
[EventDate "2025.12.27"]

1. Nf3 d5 2. g3 g6 3. Bg2 Bg7 4. d4 Nf6 5. O-O O-O 6. c4 c6 7. a4 Be6 8. Na3 Na6
9. Ng5 Bf5 10. cxd5 cxd5 11. Qb3 Qb6 12. Qxb6 axb6 13. Bd2 h6 14. Nf3 Ne4 15.
Be1 Rfc8 16. Rd1 Bd7 17. b3 Nc3 18. Rd2 Nb4 19. Ne5 Bxe5 20. dxe5 b5 21. Nxb5
Nxb5 22. axb5 Bxb5 23. f4 e6 24. Bf3 Ra1 25. Bf2 Rxf1+ 26. Kxf1 Rc3 27. Kg2 Rxb3
28. Bc5 Bc4 29. g4 Nc6 30. Ra2 Ba6 31. h4 Rc3 32. Bf2 Rc4 33. e3 Rc3 34. Rd2 Nb4
35. h5 gxh5 36. gxh5 Rc2 37. Rxc2 Nxc2 38. e4 d4 39. Bd1 d3 40. Bb6 Bb5 41. Kf3
Bc6 42. Bc5 Kg7 43. Bxc2 dxc2 44. Ba3 Kg8 45. Ke3 Bb5 46. Bc1 Bf1 47. Kf2 Bc4
48. Ke3 Kf8 49. Ba3+ Ke8 50. Kd2 Bf1 51. Kxc2 Be2 52. f5 Bxh5 53. fxe6 Bf3 54.
exf7+ Kxf7 55. Kd3 Bg4 56. Ke3 Be6 57. Bb4 Kg6 58. Kd4 b6 59. Be1 Kg5 60. Bd2+
Kg6 61. Be1 Kf7 62. Bf2 h5 63. Kc3 b5 64. Bh4 Ba2 65. Kb4 Bc4 66. Kc5 Ke6 67.
Bf6 Be2 68. Kb4 h4 1/2-1/2

[Event "53rd Rilton Cup 2025-26"]
[Site "Stockholm SWE"]
[Date "2026.01.02"]
[Round "6.4"]
[White "Dai, Changren"]
[Black "Zhalmakhanov, Ramazan"]
[Result "0-1"]
[WhiteTitle "GM"]
[BlackTitle "GM"]
[WhiteElo "2551"]
[BlackElo "2454"]
[WhiteFideId "8608156"]
[BlackFideId "13706357"]
[EventDate "2025.12.27"]

1. d4 d5 2. c4 e6 3. Nf3 c5 4. cxd5 exd5 5. Bg5 Be7 6. Bxe7 Nxe7 7. Nc3 Nbc6 8.
e3 c4 9. g3 O-O 10. Bg2 Bf5 11. O-O Rb8 12. Ne5 Nxe5 13. dxe5 Bd3 14. Re1 b5 15.
Qf3 Qc7 16. Qf4 Rfd8 17. Qd4 Nf5 18. Qf4 Ne7 19. Qd4 Qd7 20. Rad1 b4 21. Ne2 Nc6
22. Qc5 Nxe5 23. Nc1 Rb5 24. Qd4 Nc6 25. Qh4 Bg6 26. Ne2 Ne5 27. Nf4 Nd3 28.
Nxg6 hxg6 29. Re2 b3 30. axb3 Rxb3 31. Qd4 Qb5 32. Rdd2 Qb6 33. Qh4 Qf6 34. Qxf6
gxf6 35. Rc2 f5 36. Red2 a5 37. Kf1 a4 38. Bf3 Kg7 39. Be2 Nxb2 0-1

[Event "53rd Rilton Cup 2025-26"]
[Site "Stockholm SWE"]
[Date "2026.01.02"]
[Round "6.5"]
[White "Xie, Kaifan"]
[Black "Raczek, Krzysztof"]
[Result "1/2-1/2"]
[WhiteTitle "IM"]
[BlackTitle "IM"]
[WhiteElo "2426"]
[BlackElo "2489"]
[WhiteFideId "8619107"]
[BlackFideId "21005303"]
[EventDate "2025.12.27"]

1. d4 Nf6 2. c4 e6 3. Nf3 Bb4+ 4. Bd2 c5 5. Bxb4 cxb4 6. e3 O-O 7. Bd3 d6 8. O-O
b6 9. Nbd2 Bb7 10. Qc2 Nbd7 11. a3 bxa3 12. Rxa3 a5 13. Ng5 h6 14. Nge4 Qe7 15.
Nxf6+ Nxf6 16. Ne4 Bxe4 17. Bxe4 Rac8 18. Rc3 Nxe4 19. Qxe4 Qd7 20. Rfc1 Qc6 21.
Qd3 Qb7 22. h3 Rc7 23. c5 bxc5 24. dxc5 dxc5 25. Rxc5 Rxc5 26. Rxc5 Qxb2 27.
Rxa5 Qc1+ 28. Qf1 Rc8 29. Qxc1 Rxc1+ 30. Kh2 Rc7 31. Ra8+ Kh7 1/2-1/2

[Event "53rd Rilton Cup 2025-26"]
[Site "Stockholm SWE"]
[Date "2026.01.02"]
[Round "6.6"]
[White "Delgerdalai, Bayarjavkhlan"]
[Black "Sengupta, Deep"]
[Result "1/2-1/2"]
[WhiteTitle "FM"]
[BlackTitle "GM"]
[WhiteElo "2376"]
[BlackElo "2479"]
[WhiteFideId "23727276"]
[BlackFideId "5008352"]
[EventDate "2025.12.27"]

1. d4 e6 2. c4 d5 3. Nf3 c6 4. Nc3 dxc4 5. e3 b5 6. a4 Bb4 7. Bd2 a5 8. axb5
Bxc3 9. Bxc3 cxb5 10. b3 Bb7 11. bxc4 b4 12. Bb2 Nf6 13. Bd3 O-O 14. O-O Qc7 15.
Nd2 a4 16. d5 b3 17. Bxf6 gxf6 18. Qh5 f5 19. Qg5+ Kh8 20. Qf6+ Kg8 21. Qg5+ Kh8
22. Qf6+ Kg8 23. Qg5+ Kh8 24. Qf6+ 1/2-1/2

[Event "53rd Rilton Cup 2025-26"]
[Site "Stockholm SWE"]
[Date "2026.01.02"]
[Round "6.7"]
[White "Hammer, Jon Ludvig"]
[Black "Siva, Mahadevan"]
[Result "0-1"]
[WhiteTitle "GM"]
[BlackTitle "IM"]
[WhiteElo "2606"]
[BlackElo "2427"]
[WhiteFideId "1503707"]
[BlackFideId "25043153"]
[EventDate "2025.12.27"]

1. e4 c5 2. Nf3 d6 3. d4 cxd4 4. Nxd4 Nf6 5. Nc3 Nc6 6. Bg5 e6 7. Bb5 Bd7 8. Qd3
h6 9. Bh4 Ne5 10. Qh3 Nc6 11. O-O-O Qb6 12. Qd3 Be7 13. Nxc6 Bxc6 14. Bxc6+ bxc6
15. Bxf6 gxf6 16. f4 h5 17. Kb1 Rb8 18. b3 Qa5 19. Ne2 Kd7 20. Rhf1 Rb6 21. e5
f5 22. c4 Rhb8 23. Qc2 d5 24. Rf3 Qa3 25. cxd5 cxd5 26. Rc3 a5 27. Rc1 a4 28.
Nd4 axb3 29. Rxb3 Ke8 30. Qc3 Kf8 31. Rc2 Qa6 32. g3 Ba3 33. Qf3 Qa4 34. Rxb6
Rxb6+ 35. Nb3 Qd4 36. Rc8+ Kg7 37. Qe2 Rb4 38. Kc2 Qb2+ 39. Kd3 Qb1+ 40. Qc2 Qh1
41. Qf2 Qe4+ 42. Kd2 Rc4 43. Rxc4 dxc4 44. Nc1 Qb1 0-1

[Event "53rd Rilton Cup 2025-26"]
[Site "Stockholm SWE"]
[Date "2026.01.02"]
[Round "6.8"]
[White "Johansson, Linus"]
[Black "Horvath, Dominik"]
[Result "0-1"]
[WhiteTitle "IM"]
[BlackTitle "GM"]
[WhiteElo "2415"]
[BlackElo "2557"]
[WhiteFideId "1711113"]
[BlackFideId "1642561"]
[EventDate "2025.12.27"]

1. d4 Nf6 2. c4 g6 3. Nc3 Bg7 4. e4 d6 5. Be2 O-O 6. Be3 a5 7. Nf3 Ng4 8. Bg5 h6
9. Bh4 Nf6 10. h3 a4 11. O-O c5 12. dxc5 a3 13. bxa3 g5 14. Bg3 Nh5 15. Qc2 Nxg3
16. fxg3 Qa5 17. Nb5 Bxa1 18. Rxa1 dxc5 19. h4 Ra6 20. hxg5 hxg5 21. e5 Rg6 22.
Bd3 Rg7 23. Bf5 Bxf5 24. Qxf5 g4 25. Nh4 Qd2 26. Qf4 Qxf4 27. gxf4 e6 28. g3 Nd7
29. Rd1 Nb6 30. Nd6 f6 31. Rb1 Nd7 32. exf6 Nxf6 33. Re1 Nh5 34. Kf2 Ra8 35. Re5
Rd7 36. Ne4 Rd4 37. Nxc5 Nf6 38. Rxe6 Rxc4 39. Rxf6 Rxc5 40. Rg6+ Kf7 41. Rxg4
Rxa3 42. Kg2 Rxa2+ 43. Kh3 b5 44. Rg6 Ra8 45. Rb6 Ke7 46. Ng6+ Kd7 47. Ne5+ Kc7
48. Rh6 Rd5 49. Kg4 b4 50. Kf3 b3 51. Rc6+ Kb7 52. Rc1 Rb5 53. Nc4 Rc5 54. Rc3
Kc7 55. Ke3 b2 56. Kd4 Rc6 57. Rb3 Rxc4+ 0-1

[Event "53rd Rilton Cup 2025-26"]
[Site "Stockholm SWE"]
[Date "2026.01.02"]
[Round "6.9"]
[White "Bauer, Christian"]
[Black "Gschnitzer, Adrian"]
[Result "1-0"]
[WhiteTitle "GM"]
[BlackTitle "IM"]
[WhiteElo "2552"]
[BlackElo "2420"]
[WhiteFideId "603767"]
[BlackFideId "1270337"]
[EventDate "2025.12.27"]

1. e4 c5 2. Nf3 d6 3. d4 cxd4 4. Nxd4 Nf6 5. Nc3 a6 6. Be2 e5 7. Nb3 Be7 8. Be3
Be6 9. Qd2 Nbd7 10. f4 Rc8 11. O-O-O b5 12. Kb1 O-O 13. a3 Qc7 14. g4 Bxg4 15.
Bxg4 Nxg4 16. Nd5 Qd8 17. Rhg1 Nxe3 18. Qxe3 Kh8 19. Qh3 g6 20. f5 Nf6 21. Nxf6
Bxf6 22. fxg6 fxg6 23. Rxg6 Rc7 24. Rh6 Qe7 25. Nc1 Rc4 26. Rf1 Qg7 27. Rf5 Rf7
28. Rfh5 Qg8 29. Qe6 Bg5 30. Rg6 1-0

[Event "53rd Rilton Cup 2025-26"]
[Site "Stockholm SWE"]
[Date "2026.01.02"]
[Round "6.10"]
[White "Li, Di"]
[Black "Kurmann, Oliver"]
[Result "1-0"]
[WhiteTitle "GM"]
[BlackTitle "IM"]
[WhiteElo "2549"]
[BlackElo "2409"]
[WhiteFideId "8607508"]
[BlackFideId "1308173"]
[EventDate "2025.12.27"]

1. e4 c5 2. Nf3 e6 3. d4 cxd4 4. Nxd4 Nc6 5. Nc3 Bc5 6. Nb3 Bb4 7. Bd2 Nf6 8. a3
Bxc3 9. Bxc3 Nxe4 10. Qg4 Nxc3 11. Qxg7 Rf8 12. bxc3 Qh4 13. O-O-O h6 14. Qg3
Qg5+ 15. f4 Qxg3 16. hxg3 Rg8 17. Rxh6 Rxg3 18. f5 b6 19. Nd2 d5 20. Bb5 Bb7 21.
fxe6 fxe6 22. Rxe6+ Kd7 23. Rh6 Rag8 24. Ne4 R8g6 25. Rxd5+ Kc7 26. Rh8 Rxg2 27.
Nd6 Nb8 28. Nxb7 Kxb7 29. Rdd8 Na6 30. Rd7+ Nc7 31. Rhh7 1-0

[Event "53rd Rilton Cup 2025-26"]
[Site "Stockholm SWE"]
[Date "2026.01.02"]
[Round "6.11"]
[White "Chan, Kim Yew"]
[Black "Heberla, Bartlomiej"]
[Result "0-1"]
[WhiteTitle "IM"]
[BlackTitle "GM"]
[WhiteElo "2400"]
[BlackElo "2508"]
[WhiteFideId "5717981"]
[BlackFideId "1115120"]
[EventDate "2025.12.27"]

1. Nf3 Nf6 2. c4 g6 3. d4 Bg7 4. g3 O-O 5. Bg2 d6 6. Nc3 c6 7. e4 Be6 8. d5 Bg4
9. h3 Bxf3 10. Bxf3 cxd5 11. exd5 Nbd7 12. O-O Ne5 13. b3 Nxf3+ 14. Qxf3 a6 15.
a4 Qc8 16. Kg2 Nd7 17. Bd2 e5 18. Ne4 f5 19. Nxd6 Qc7 20. Bb4 e4 21. Qe3 Bxa1
22. Rxa1 b6 23. a5 bxa5 24. Ba3 Ne5 25. Qc3 Nd3 26. c5 Rad8 27. Qc4 Qg7 28. Rf1
Qe5 29. Rd1 h5 30. h4 Rd7 31. Rd2 Kh7 32. Re2 Qa1 33. c6 Ne5 34. Bb2 Qxb2 35.
Qxa6 Qc1 36. Nxe4 fxe4 37. cxd7 Nf3 0-1

[Event "53rd Rilton Cup 2025-26"]
[Site "Stockholm SWE"]
[Date "2026.01.02"]
[Round "6.12"]
[White "Makkar, Rajat"]
[Black "Ghasi, Ameet K"]
[Result "1-0"]
[WhiteTitle "IM"]
[BlackTitle "GM"]
[WhiteElo "2396"]
[BlackElo "2500"]
[WhiteFideId "36016810"]
[BlackFideId "409200"]
[EventDate "2025.12.27"]

1. e4 e6 2. d4 d5 3. e5 c5 4. c3 Nc6 5. Nf3 Bd7 6. Be2 Rc8 7. O-O h6 8. Na3 cxd4
9. cxd4 Bxa3 10. bxa3 Nge7 11. Rb1 Na5 12. Bd2 Nec6 13. h4 O-O 14. g4 b6 15. g5
h5 16. Nh2 g6 17. Bxh5 Kg7 18. Be2 Rh8 19. h5 gxh5 20. Be3 Ne7 21. Bd3 Ng6 22.
Qf3 Rc3 23. Bxg6 Kxg6 24. Kh1 Ba4 25. Rg1 Nc4 26. Qf6+ Qxf6 27. gxf6+ Kf5 28.
Nf3 h4 29. Ng5 Be8 30. Rbe1 Rh5 31. Nh3 Rxa3 32. Rg8 Bc6 33. Reg1 Nxe5 34. Nf4
Rh6 35. R1g5+ Kxf6 36. Rxe5 Ke7 37. Nh5 Rg6 38. Bg5+ Kd6 39. Rd8+ Bd7 40. Nf6
Rxf6 41. Bxf6 Rf3 42. Bg5 Rxf2 43. Bxh4 Rxa2 44. Re3 Rd2 45. Bf6 Rf2 46. Be5+
Ke7 47. Ra8 f6 48. Bc7 Rd2 49. Bd8+ Kd6 50. Bxf6 a5 51. Ra7 Ba4 52. Rc3 1-0

[Event "53rd Rilton Cup 2025-26"]
[Site "Stockholm SWE"]
[Date "2026.01.02"]
[Round "6.13"]
[White "Blomqvist, Erik"]
[Black "Jain, Kashish Manoj"]
[Result "1-0"]
[WhiteTitle "GM"]
[BlackTitle "IM"]
[WhiteElo "2490"]
[BlackElo "2396"]
[WhiteFideId "1709437"]
[BlackFideId "35081098"]
[EventDate "2025.12.27"]

1. d4 d5 2. c4 c6 3. cxd5 cxd5 4. Nc3 Nf6 5. Bf4 Nc6 6. Nf3 Bf5 7. e3 e6 8. Ne5
Nd7 9. Nxc6 bxc6 10. a3 Be7 11. Rc1 O-O 12. Be2 c5 13. dxc5 Nxc5 14. b4 Ne4 15.
Nxe4 Bxe4 16. O-O Bd6 17. Qd4 f6 18. Bxd6 Qxd6 19. f3 Bg6 20. Rc5 Rfd8 21. Rfc1
e5 22. Qg4 d4 23. Bc4+ Kh8 24. Bd5 dxe3 25. h4 e2 26. Kf2 Rab8 27. h5 Bd3 28.
Rc7 g6 29. R1c5 Bf5 30. hxg6 Bxg6 31. Qh4 Qf8 32. Kxe2 Rb6 33. Rxa7 Rbd6 34.
Rcc7 h5 35. Qxh5+ 1-0

[Event "53rd Rilton Cup 2025-26"]
[Site "Stockholm SWE"]
[Date "2026.01.02"]
[Round "6.14"]
[White "Waldhausen Gordon, Frederick"]
[Black "Cieslak, Patryk"]
[Result "1/2-1/2"]
[WhiteTitle "FM"]
[BlackTitle "IM"]
[WhiteElo "2393"]
[BlackElo "2477"]
[WhiteFideId "2409143"]
[BlackFideId "21078882"]
[EventDate "2025.12.27"]

1. e4 e5 2. Nf3 Nc6 3. Bc4 Bc5 4. d3 h6 5. Nc3 a6 6. Be3 Bxe3 7. fxe3 d6 8. O-O
Be6 9. Bxe6 fxe6 10. Qe1 Nf6 11. Qg3 O-O 12. Rf2 Qd7 13. Raf1 Nh7 14. Qh4 Rf7
15. a3 Raf8 16. Nd2 Rxf2 17. Rxf2 Rxf2 18. Qxf2 Nf6 19. Nf3 Qe8 20. h3 Qg6 21.
Kh2 Qh5 22. Qh4 Qf7 23. Qg3 Nh5 24. Qg4 Nf6 25. Qg3 Nh5 26. Qg4 Nf6 27. Qg3 Nh5
28. Qg4 Nf6 29. Qg3 Nh5 30. Qg4 Nf6 31. Qg3 Nh5 1/2-1/2

[Event "53rd Rilton Cup 2025-26"]
[Site "Stockholm SWE"]
[Date "2026.01.02"]
[Round "6.15"]
[White "Sardana, Rishi"]
[Black "Falkevall, Axel"]
[Result "0-1"]
[WhiteTitle "IM"]
[BlackTitle "FM"]
[WhiteElo "2459"]
[BlackElo "2365"]
[WhiteFideId "25004301"]
[BlackFideId "1735560"]
[EventDate "2025.12.27"]

1. e4 e5 2. Nf3 Nc6 3. Bb5 a6 4. Ba4 Nf6 5. O-O b5 6. Bb3 Bc5 7. a4 Rb8 8. d3 d6
9. axb5 axb5 10. Be3 Bxe3 11. fxe3 O-O 12. Nbd2 Ne7 13. Nh4 Ng6 14. Nf5 Be6 15.
Qf3 Nd7 16. Qg3 Nc5 17. Bd5 Kh8 18. Rf3 Rb6 19. d4 Nd7 20. Raf1 Bxf5 21. Rxf5
Nf6 22. Bb3 c5 23. c3 c4 24. Bd1 Ra6 25. h4 Ra2 26. h5 Ne7 27. R5f2 Rxb2 28. h6
Ng6 29. hxg7+ Kxg7 30. Qg5 h6 31. Qxf6+ Qxf6 32. Rxf6 Rxd2 33. Bh5 Nf4 34. exf4
Kxf6 35. fxe5+ Ke7 36. exd6+ Kxd6 37. Rf6+ Kc7 38. e5 b4 39. cxb4 c3 40. b5 Rg8
41. Rc6+ Kd7 42. Bf3 c2 43. Kh2 Rb8 44. Rc4 Ke6 45. Be4 Rxd4 46. Rc6+ Kxe5 47.
Bxc2 f6 48. Rc5+ Rd5 49. Rxd5+ Kxd5 50. Bd3 Kd4 51. Be2 Ke3 52. Bc4 f5 53. Kg3
Rb6 54. Kh4 Kf2 55. g4 f4 56. g5 f3 57. gxh6 Rxh6+ 58. Kg5 Rh1 59. Kf5 Ke3 60.
Ke5 f2 61. Kd5 Rd1+ 62. Ke5 Rc1 0-1

[Event "53rd Rilton Cup 2025-26"]
[Site "Stockholm SWE"]
[Date "2026.01.02"]
[Round "6.16"]
[White "Yang, Zilong"]
[Black "Baenziger, Fabian"]
[Result "1/2-1/2"]
[WhiteTitle "FM"]
[BlackTitle "IM"]
[WhiteElo "2386"]
[BlackElo "2451"]
[WhiteFideId "8641528"]
[BlackFideId "1330110"]
[EventDate "2025.12.27"]

1. e4 c5 2. Nf3 d6 3. d4 cxd4 4. Nxd4 Nf6 5. Nc3 a6 6. Be2 e5 7. Nb3 Be7 8. Be3
Be6 9. Nd5 Nbd7 10. Qd3 Bxd5 11. exd5 Rc8 12. c4 O-O 13. O-O a5 14. Rad1 b6 15.
Kh1 g6 16. f4 a4 17. Nd2 exf4 18. Bxf4 Re8 19. b4 axb3 20. axb3 Bf8 21. Nf3 Nh5
22. Bg5 Be7 23. Bh6 Bf8 24. Bg5 Be7 25. Bh6 Bf8 26. Bg5 Be7 1/2-1/2

[Event "53rd Rilton Cup 2025-26"]
[Site "Stockholm SWE"]
[Date "2026.01.02"]
[Round "6.17"]
[White "Goh, Zi Han"]
[Black "Das, Sayantan"]
[Result "1/2-1/2"]
[WhiteTitle "FM"]
[BlackTitle "GM"]
[WhiteElo "2370"]
[BlackElo "2434"]
[WhiteFideId "5819156"]
[BlackFideId "5034426"]
[EventDate "2025.12.27"]

1. d4 Nf6 2. c4 e6 3. g3 d5 4. Bg2 Be7 5. Nf3 O-O 6. b3 a5 7. O-O a4 8. bxa4
dxc4 9. Ne5 c5 10. dxc5 Qxd1 11. Rxd1 Bxc5 12. Bb2 Nd5 13. Bxd5 exd5 14. Rxd5 b6
15. Bd4 Na6 16. Bxc5 Nxc5 17. Nc3 Nxa4 18. Nxa4 Rxa4 19. Nd7 Bxd7 20. Rxd7 Rc8
21. Rb7 Rb4 22. Rd1 h6 23. Rdd7 c3 24. Rxf7 c2 25. Rxg7+ Kf8 26. Rbf7+ Ke8 27.
Re7+ Kf8 28. Ref7+ Ke8 29. Re7+ Kf8 30. Ref7+ Ke8 1/2-1/2

[Event "53rd Rilton Cup 2025-26"]
[Site "Stockholm SWE"]
[Date "2026.01.02"]
[Round "6.18"]
[White "Hillarp Persson, Tiger"]
[Black "Avinash, Ramesh"]
[Result "1/2-1/2"]
[WhiteTitle "GM"]
[BlackTitle "IM"]
[WhiteElo "2428"]
[BlackElo "2370"]
[WhiteFideId "1700812"]
[BlackFideId "45018340"]
[EventDate "2025.12.27"]

1. Nf3 d5 2. b3 g6 3. Bb2 Nf6 4. c4 Bg7 5. cxd5 O-O 6. e3 Nxd5 7. Bxg7 Kxg7 8.
Qc2 Qd6 9. Nc3 Nxc3 10. Qxc3+ Qf6 11. d4 c6 12. b4 Nd7 13. Be2 Re8 14. O-O e5
15. dxe5 Nxe5 16. Nd4 b6 17. Rac1 Bb7 18. f4 Nd7 19. Bf3 Rac8 20. g4 Kg8 21. g5
Qe7 22. Rfe1 Nb8 23. Qb2 Rcd8 24. h4 h5 25. gxh6 Qf6 26. Qf2 Kh7 27. Qg3 c5 28.
bxc5 bxc5 29. Qg5 Qe7 30. Qxc5 Qxc5 31. Rxc5 Rxd4 32. Bxb7 Rxf4 33. exf4 Rxe1+
34. Kf2 Re7 35. Bf3 Kxh6 36. h5 gxh5 37. Rxh5+ Kg7 38. Rb5 Na6 39. Be2 Nc7 40.
Rb7 Nd5 41. Rxe7 Nxe7 42. Bc4 f5 43. Ke3 Kf6 44. a4 a5 45. Kd4 Ng6 46. Kc5 Nxf4
47. Kb5 Ne6 48. Kxa5 Nc5 49. Kb5 Nxa4 50. Kxa4 Ke5 1/2-1/2

[Event "53rd Rilton Cup 2025-26"]
[Site "Stockholm SWE"]
[Date "2026.01.02"]
[Round "6.19"]
[White "Banerjee, Supratit"]
[Black "Seemann, Jakub"]
[Result "1/2-1/2"]
[WhiteTitle "FM"]
[BlackTitle "GM"]
[WhiteElo "2334"]
[BlackElo "2507"]
[WhiteFideId "2410079"]
[BlackFideId "21874697"]
[EventDate "2025.12.27"]

1. e4 e6 2. d4 d5 3. Nd2 Be7 4. Ngf3 Nf6 5. Bd3 c5 6. e5 Nfd7 7. c3 Nc6 8. O-O
a5 9. Re1 cxd4 10. cxd4 Qb6 11. h3 a4 12. Qe2 Nb4 13. Nb1 Nxd3 14. Qxd3 Qa6 15.
Qxa6 bxa6 16. Nc3 Nb6 17. b3 Bd7 18. Rb1 axb3 19. axb3 O-O 20. Ra1 Rfc8 21. Bd2
f6 22. Ra2 Rc6 23. Rea1 Bc8 24. Re1 Kf7 25. g4 Nd7 26. exf6 gxf6 27. Ne2 Rb8 28.
Nc1 Bd6 29. g5 e5 30. dxe5 Nxe5 31. Nd4 Rc7 32. Nce2 fxg5 33. Ng3 Kg6 34. Ra5
Nd3 35. Re8 Nf4 36. Rxc8 Rbxc8 37. Rxa6 Rd7 38. Nb5 Re8 39. Rxd6+ Rxd6 40. Nxd6
Rb8 41. Bxf4 gxf4 42. Ne2 Rxb3 43. Nxf4+ Kf6 44. Nxd5+ Ke5 45. Ne8 Kxd5 46. Nf6+
Ke5 47. Nxh7 Kf4 48. Kg2 Kf5 49. h4 Rb4 50. Ng5 Rxh4 51. Nf3 Rg4+ 52. Kf1 Kf4
53. Ne1 Rg8 54. Nd3+ Ke4 55. Ne1 Ra8 56. Kg2 Ra3 57. Kf1 Ra1 58. Ke2 Ra2+ 59.
Kf1 Rxf2+ 60. Kxf2 1/2-1/2

[Event "53rd Rilton Cup 2025-26"]
[Site "Stockholm SWE"]
[Date "2026.01.02"]
[Round "6.20"]
[White "Willow, Jonah B"]
[Black "Kenneskog, Theodor"]
[Result "1-0"]
[WhiteTitle "IM"]
[BlackTitle "FM"]
[WhiteElo "2473"]
[BlackElo "2293"]
[WhiteFideId "438804"]
[BlackFideId "1715011"]
[EventDate "2025.12.27"]

1. c4 Nf6 2. Nf3 c5 3. Nc3 e6 4. g3 d5 5. cxd5 exd5 6. d4 Nc6 7. Bg2 cxd4 8.
Nxd4 Bc5 9. Nxc6 bxc6 10. O-O O-O 11. Qc2 Bb6 12. Na4 Ba6 13. Nxb6 axb6 14. Qxc6
Bxe2 15. Re1 Bc4 16. Be3 Bxa2 17. Bxb6 Qc8 18. Qd6 Ra6 19. Qb4 Qb8 20. Bc5 Qxb4
21. Bxb4 Rb8 22. Bc3 Ra4 23. Be5 Rb6 24. Rec1 h5 25. h3 Ne4 26. Rc7 f6 27. Bc3
Nxc3 28. bxc3 Rba6 29. Re1 Ra7 30. Rxa7 1-0

[Event "53rd Rilton Cup 2025-26"]
[Site "Stockholm SWE"]
[Date "2026.01.02"]
[Round "6.21"]
[White "Velikic, Adela"]
[Black "Kavutskiy, Kostya"]
[Result "0-1"]
[WhiteTitle "WIM"]
[BlackTitle "IM"]
[WhiteElo "2246"]
[BlackElo "2354"]
[WhiteFideId "913553"]
[BlackFideId "2026384"]
[EventDate "2025.12.27"]

1. c4 g6 2. e4 Bg7 3. d4 d6 4. Nc3 Nf6 5. h3 e5 6. d5 a5 7. Be3 Na6 8. Nf3 Bd7
9. a3 b6 10. Nd2 h5 11. Be2 Bh6 12. Bxh6 Rxh6 13. Rb1 c6 14. O-O g5 15. dxc6
Bxc6 16. Nd5 Bxd5 17. cxd5 Nc5 18. Bb5+ Kf8 19. Bc6 Ra7 20. b4 Ncxe4 21. bxa5
bxa5 22. Rb2 Kg7 23. Nc4 g4 24. h4 g3 25. fxg3 Nxg3 26. Ne3 Nfe4 27. Nf5+ Nxf5
28. Rxf5 Qxh4 29. Rf3 Ng3 30. Qe1 Rg6 31. Rb1 e4 32. Rfb3 Re7 33. Qc3+ Re5 34.
Qe1 Rf5 35. Rxg3 Rxg3 36. Qxa5 Rxg2+ 0-1

[Event "53rd Rilton Cup 2025-26"]
[Site "Stockholm SWE"]
[Date "2026.01.03"]
[Round "7.1"]
[White "Zhalmakhanov, Ramazan"]
[Black "Xu, Xiangyu"]
[Result "0-1"]
[WhiteTitle "GM"]
[BlackTitle "GM"]
[WhiteElo "2454"]
[BlackElo "2601"]
[WhiteFideId "13706357"]
[BlackFideId "8608288"]
[EventDate "2025.12.27"]

1. e4 c5 2. Nf3 d6 3. Bb5+ Bd7 4. c4 e5 5. Bxd7+ Qxd7 6. Nc3 Nc6 7. d3 Be7 8.
O-O f5 9. exf5 Qxf5 10. Nd5 Bd8 11. b4 cxb4 12. a3 Nge7 13. Nxb4 O-O 14. Be3 Bb6
15. Rb1 Bxe3 16. fxe3 e4 17. Nxc6 bxc6 18. dxe4 Qxe4 19. Qd4 Qe6 20. Qd3 Ng6 21.
Nd4 Qd7 22. Qe4 d5 23. cxd5 cxd5 24. Qd3 Ne5 25. Qb5 Rxf1+ 26. Rxf1 Qxb5 27.
Nxb5 Nc4 28. Rd1 Nxe3 29. Rd3 Nc4 30. a4 Nb2 31. Rd4 a5 32. Nc7 Rd8 33. Rxd5
Rxd5 34. Nxd5 Kf7 35. Nc3 Ke6 36. Kf2 Kd6 37. Ke3 Kc5 38. Kd2 Kb4 39. Kc2 Nxa4
40. Nd5+ Kc4 41. Ne3+ Kc5 42. h4 g6 43. Ng4 Kd6 44. h5 gxh5 45. Nf6 Ke5 46. Nxh5
Nb6 47. Kb3 Kf5 48. Ng3+ Kf4 49. Nh5+ Kg5 50. Ng3 h6 51. Kc3 Kf4 52. Nh5+ Kg4
53. Ng7 h5 54. Kd4 h4 55. Kc5 a4 56. Kb4 Nd5+ 57. Kxa4 Nf4 0-1

[Event "53rd Rilton Cup 2025-26"]
[Site "Stockholm SWE"]
[Date "2026.01.03"]
[Round "7.2"]
[White "Demchenko, Anton"]
[Black "Meshkovs, Nikita"]
[Result "1-0"]
[WhiteTitle "GM"]
[BlackTitle "GM"]
[WhiteElo "2631"]
[BlackElo "2561"]
[WhiteFideId "4160258"]
[BlackFideId "11602740"]
[EventDate "2025.12.27"]

1. e4 c5 2. Nf3 Nc6 3. Bb5 g6 4. Bxc6 dxc6 5. d3 Qc7 6. a4 e5 7. a5 Nf6 8. O-O
h6 9. Na3 Be6 10. Qe1 Nd7 11. Qc3 Rc8 12. Nc4 Bg7 13. b4 cxb4 14. Qxb4 Bxc4 15.
Qxc4 O-O 16. Be3 b5 17. axb6 axb6 18. Ra6 Ra8 19. Rfa1 Qb7 20. Qa2 Rxa6 21. Qxa6
Qc7 22. Qa7 Rc8 23. Qxc7 Rxc7 24. Ra8+ Kh7 25. g4 c5 26. c4 Rb7 27. g5 f6 28. h4
Nb8 29. Kg2 Nc6 30. Re8 Re7 31. Rc8 Re6 32. Rc7 fxg5 33. hxg5 h5 34. Kf1 Kg8 35.
Ke2 Rd6 36. Bd2 Nd8 37. Rc8 Kh7 38. Be3 Nc6 39. Re8 Rd7 40. Re6 Nb4 41. Nh4 Ra7
42. Rxg6 Ra2+ 43. Kf3 Nxd3 44. Rxb6 1-0

[Event "53rd Rilton Cup 2025-26"]
[Site "Stockholm SWE"]
[Date "2026.01.03"]
[Round "7.3"]
[White "Horvath, Dominik"]
[Black "Bronstein, Or"]
[Result "1-0"]
[WhiteTitle "GM"]
[BlackTitle "IM"]
[WhiteElo "2557"]
[BlackElo "2470"]
[WhiteFideId "1642561"]
[BlackFideId "2815770"]
[EventDate "2025.12.27"]

1. d4 Nf6 2. c4 e6 3. Nf3 d5 4. Nc3 Bb4 5. Bg5 h6 6. Bh4 dxc4 7. a3 Bxc3+ 8.
bxc3 Nbd7 9. e4 g5 10. Bg3 Nxe4 11. Bxc4 b6 12. O-O Bb7 13. Re1 Nxg3 14. hxg3
O-O 15. Ne5 Nxe5 16. Rxe5 Qf6 17. Qe2 c5 18. Rf1 g4 19. dxc5 Kh8 20. Rb1 Rfd8
21. cxb6 axb6 22. Rxb6 Bc8 23. Rb3 Rd6 24. Re4 Ra5 25. Bb5 Qd8 26. Rxg4 Rd1+ 27.
Kh2 Qd5 28. Qe3 Kh7 29. Rh4 Qd2 30. Qf3 Qc1 31. Qxf7+ Kh8 32. Qf8+ Kh7 33. Bd3+
Rf5 34. Qe7+ Kh8 35. Qd8+ Kh7 36. Qc7+ Kg6 37. Bxf5+ Kf6 38. g4 exf5 39. Rb6+
Be6 40. g5+ Qxg5 41. Qf4 1-0